Missing Word: Marvel/DC Movies Quiz Stats

 Plays Quiz Updated Jul 6, 2018

Also try: Marvel or DC
Challenge
Share
Tweet
Embed
Score 0/24 Timer 03:00
20 Plays Today
Hint Answer % Correct
The Fantastic ___Four
96.3%
The ___ HulkIncredible
95.4%
The Dark ___ RisesKnight
94.8%
___ of the GalaxyGuardians
94.7%
Green ___Lantern
94.1%
X-Men: Days of Future ___Past
89.7%
The ______ Spider-ManAmazing
89.7%
Batman ___Begins
89.6%
Ghost ___: Spirit of VengeanceRider
87.7%
Captain America: ___ WarCivil
86.6%
Avengers: Age of ___Ultron
85.4%
Superman IV: The ___ for PeaceQuest
84.7%
Hint Answer % Correct
V for ___Vendetta
84.7%
Big ___ 6Hero
84.5%
Captain America: The Winter ______Soldier
83.6%
Howard the ___Duck
83%
The Return of Swamp ___Thing
77.5%
X-Men ___: WolverineOrigins
75.2%
Thor: The Dark ___World
75%
The League of ___ GentlemenExtraordinary
73.3%
Punisher: War ___Zone
57.4%
Superman and the Mole ___Men
54.6%
___ HexJonah
50.7%
___: X-Men UnitedX2
40.3%

Today's Daily Dose

You're not logged in!

Compare scores with friends on all Sporcle quizzes.
Join for Free
OR
Log In

You Might Also Like...

Show Comments

Extras

Top Quizzes Today


Score Distribution

Your Account Isn't Verified!

In order to create a playlist on Sporcle, you need to verify the email address you used during registration. Go to your Sporcle Settings to finish the process.

Report this User

Report this user for behavior that violates our Community Guidelines.

Details: